Car Model Vocabulary II Quiz Stats

 Plays Quiz not verified by Sporcle

Challenge
Share
Tweet
Embed
Score 0/40 Timer 10:00
0 Plays Today
Definition Model % Correct
one employed to steer a ship or fly a planePilot
75%
U.S. state capital whose name means 'holy faith'Santa Fe
68.8%
a device for determining directions by means of a magnetic needleCompass
68.8%
chemical substance consisting of one type of atomElement
62.5%
a way of speaking typical of a particular regionAccent
62.5%
one who loves his or her country and supports its authorityPatriot
62.5%
person whose primary responsibility is to be aware of the position of the ship or plane craftNavigator
62.5%
when a celestial body obscures the light of anotherEclipse
62.5%
a long wandering voyage usually marked by many changes of fortuneOdyssey
56.3%
Portuguese word for riverRio
56.3%
a fleet of warshipsArmada
56.3%
isolated rural country especially of AustraliaOutback
56.3%
the ability to see into a situation, penetrationInsight
50%
Latin word for horseEquus
50%
U.S. city home to the University of ArizonaTucson
50%
greenish lateral outgrowth from a plant stemLeaf
50%
something passed down from an ancestor; bequestLegacy
50%
a member of the order of insects known as ColeopteraBeetle
50%
a sport in which clubs are used to hit a ball into a holeGolf
50%
a line following along the top of a mountain rangeRidgeline
43.8%
Definition Model % Correct
the quality or state of being free; the power of choiceLiberty
43.8%
area in which a person excels; musical direction meaning loudForte
43.8%
a knight or member of a light cavalry unit who uses a a steel-tipped spearLancer
43.8%
a mischievous person; scamp; scoundrelRogue
43.8%
a treeless plain, especially of arctic regionsTundra
43.8%
origin; the process of coming into beingGenesis
37.5%
an instrumental composition of music consisting of several movementsSonata
37.5%
to fake out of position, as in footballJuke
37.5%
one that explores untraveled regions to mark out a new routePathfinder
37.5%
the collective term for all of the petals of a flowerCorolla
37.5%
person from a certain mountainous region in ScotlandHighlander
37.5%
a ranch hand who takes care of the saddle horsesWrangler
31.3%
the immaterial essence or animating principle of an individualSoul
31.3%
a regular hexahedronCube
31.3%
a region that forms the margin of settled or developed territoryFrontier
31.3%
any of a family of giants in Greek mythology born of Uranus and GaiaTitan
31.3%
Island to which King Arthur was taken after he was mortally woundedAvalon
31.3%
rectangular array of numbers arranged in rows and columnsMatrix
25%
pursuit or search, often involving struggle or adventureQuest
18.8%
a coniferous tree that may grow to a height of over 300 feetSequoia
18.8%

You're not logged in!

Compare scores with friends on all Sporcle quizzes.
OR
Log In

You Might Also Like...

Show Comments

Extras

Top Quizzes Today


Score Distribution

Your Account Isn't Verified!

In order to create a playlist on Sporcle, you need to verify the email address you used during registration. Go to your Sporcle Settings to finish the process.

Report this User

Report this user for behavior that violates our Community Guidelines.

Details: